| 000 | 00471nam a2200217 454500 | ||
|---|---|---|---|
| 001 | 071609 | ||
| 003 | BD-ChCU | ||
| 008 | Eng | ||
| 020 | _ax | ||
| 040 |
_aDLC _cDLC _dBD-ChCU |
||
| 082 | 0 | 0 | _a184/GRP |
| 100 | 1 |
_aGrube, G.M.A. _bx |
|
| 245 | 1 | 0 |
_aPlato's thought _bx |
| 250 | _ax | ||
| 260 |
_aLond. _bMethuen & Co. _c1970 |
||
| 300 | _axv, 320 | ||
| 504 | _ax | ||
| 650 | 0 |
_aPhilosophy, Ancient. _bPhilosophy, Ancient. |
|
| 700 | 1 | _ax | |
| 942 |
_2ddc _cBK |
||
| 999 |
_c71609 _d71609 |
||